|
|
|
|
| LEADER |
00000nab a2200000 4500 |
| 001 |
vtls012020488 |
| 003 |
SK-MaSNL |
| 005 |
20260304171329.0 |
| 008 |
210331|2020 xo |||| ||an ||00 0|slo |
| 015 |
|
|
|a SNBRB2021/03
|
| 040 |
|
|
|a SPKCL
|b slo
|e rda
|
| 041 |
|
|
|a pol
|b eng
|
| 043 |
|
|
|a e-pl- - -
|
| 044 |
|
|
|a xo
|c SK
|
| 072 |
|
7 |
|a 364
|x Sociálne problémy vyžadujúce podporu a pomoc. Sociálne zabezpečenie
|2 konspekt
|
| 080 |
|
|
|a 364.63-027.553(438)
|2 2011
|
| 100 |
1 |
|
|a Zalewski, Piotr
|4 aut
|9 419753
|
| 245 |
1 |
0 |
|a Poľský systém boja proti domácemu násiliu
|c Piotr Zalewski
|
| 336 |
|
|
|a text
|b txt
|2 rdacontent
|
| 337 |
|
|
|a počítač
|b n
|2 rdamedia
|
| 338 |
|
|
|a online zdroj
|b cr
|2 rdacarrier
|
| 504 |
|
|
|a Obsahuje bibliografiu
|
| 546 |
|
|
|a Anglické resumé
|
| 650 |
0 |
7 |
|a domáce násilie
|2 SNKPH
|9 3888
|
| 650 |
0 |
7 |
|a rodina
|2 SNKPH
|9 4138
|
| 651 |
|
7 |
|a Poľsko
|2 SNKPHgeo
|9 16755
|
| 773 |
0 |
|
|t Disputationes scientificae (online)
|g Roč. XX, č. 3 (2020), s. 58-92
|x 1335-9185
|
| 856 |
4 |
1 |
|u http://disputationes.ku.sk/archiv/
|
| 958 |
|
|
|a NB
|
| 999 |
|
|
|c 2992821
|d 2994751
|